| 000 | 00618nam a2200193Ia 4500 | ||
|---|---|---|---|
| 008 | 190412s9999 xx 000 0 und d | ||
| 100 | _aKasper Welbers & Micheal Opgenhaffen | ||
| 245 | _aSocial media gatekeeping: An analysis of the gatekeeping influence of newspapers' public Facebook pages / | ||
| 245 | _cKasper Welbers & Micheal Opgenhaffen | ||
| 260 | _bSage | ||
| 260 | _c2018 | ||
| 300 | _apages 4728-4747, December 2018 | ||
| 440 |
_aNew Media & Society _v20 (12) |
||
| 650 | _aFacebook | ||
| 650 | _aGatekeeping | ||
| 650 | _aMEDIA & SOCIETY | ||
| 650 | _aNews Diffusion | ||
| 942 |
_2lcc _cSE |
||
| 999 |
_c361412 _d361412 |
||